Регионална библиотека "Любен Каравелов" - Русе

Цветовете (Запис номер 179406)

MARC детайли
000 -Лидер
Лидер 02403nam a2200493 a 4500
003 - Код на организацията, давaща контролен номер
Код на организацията, даваща контролен номер BLK
005 - Дата и час на последна редакция
Дата и час на последна редакция 20250717105401.0
008 - Елементи от данни с фиксирана дължина
Елементи с фиксирана дължина 180411b bul|||||r ||||||| ||bul||
010 ## - Наследен системен номер
LC control number KNG00188185000
020 ## - Международен стандартен номер на книга ISBN
ISBN 978-619-199-106-8
020 ## - Международен стандартен номер на книга ISBN
ISBN 3800083818502
040 ## - Източник на каталожния запис
Код на библиотеката BLK
041 ## - Код за език
Език Български
Език за КДБФ Български
072 #7 - Код за тематичната категория
Код организация bullib
Код за тематична категория Н86
Текст Детска отраслова литература Н
080 ## - УДК
УДК текст Видима част от спектъра. Цветове
УДК код 535-2
УДК – определител (035)(02.053.2)
УДК – код + определител 535-2(035)(02.053.2)
080 ## - УДК
УДК текст Различни оптически ефекти и влияния - Светлосенка, светлина и сянка, цветове, колорит, цветна хармония, ефект на повърхността, др. оптически ефекти
УДК код 7.017
УДК – определител (035)(02.053.2)
УДК – код + определител 7.017(035)(02.053.2)
100 ## - Редна дума - Автор
R(LIN) 1299
Автор Рюбел, Дорис
245 10 - Сведения за заглавието
Заглавие Цветовете
Подзаглавни данни Енциклопедия за най-малките : С повдигащи се капачета на всяка страница
Авторска отговорност текст и ил. Дорис Рюбел; прев. Розалина Палазова
257 ## - Страна на издаване
Страна на създаване/издаване Германия
260 ## - Област на издателските данни
Място на издаване София
Име на издателя Фют
Година на издаване 2015
300 ## - Физическа характеристика
Брой страници 16 с.
Илюстрации с цв. ил.
Размер 20 см
380 ## - Жанр
Жанр Детска отраслова лит.
490 ## - СЕРИИ (Колекции)
Серия Поредица Защо? Какво? Как?
9 (RLIN) 208015
Номер в серията 17
500 ## - Общи забележки
Обща забележка Кор. загл. - Ориг. загл. Wieso? Weshalb? Warum? Welche Farbe ist das? / Text Doris Rubel. - Кн. отпеч. на ламиниран картон.
650 #4 - Допълнително описание по предмет – тема
Предметна рубрика Цветове
9 (RLIN) 177179
650 #4 - Допълнително описание по предмет – тема
Предметна рубрика Енциклопедии, детски
9 (RLIN) 154962
653 ## - Ключова дума – ненормативна
Ключови думи цветове
653 ## - Ключова дума – ненормативна
Ключови думи багри
653 ## - Ключова дума – ненормативна
Ключови думи енциклопедии
653 ## - Ключова дума – ненормативна
Ключови думи литература за деца
653 ## - Ключова дума – ненормативна
Ключови думи детска литература
659 ## - Тематичен бюлетин
Тематичен бюлетин Н
700 1# - Други автори (авторска отговорност)
Друг автор Рюбел, Дорис
Авт. отговорност на др. автор текст и ил.
9 (RLIN) 117997
700 1# - Други автори (авторска отговорност)
Друг автор Палазова, Розалина Борилова
Друга информация Журналист. Преводач от немски език.
9 (RLIN) 105705
852 ## - Местоположение
Сигнатура (форматна) Цб 274467
Отдел Хранилище
856 4# - Електронен адрес и достъп
Електронен формат pdf - файл
Инструкция (цена за достъп) 0.00
Права за достъп disable
856 4# - Електронен адрес и достъп
Електронен формат pdf - файл
Инструкция (цена за достъп) 0.00
Права за достъп disable
942 ## - АРТИКУЛИ
Вид на библиотечния документ Книги
Скрит в OPAC Не
Koha issues (borrowed), all copies 122
Периодичен библиозапис Да
944 ## - СЪЗДАВАНЕ И РЕДАКЦИЯ на ЗАПИСА
Създаване/Редакция Създаване
Дата на регистрацията/редакция 01.06.2016
Номер на служител Анна Гръцманова
Служител, извършил регистрацията/редакцията 30564
999 ## - СИСТЕМНИ КОНТРОЛНИ НОМЕРА
Koha biblionumber 179406
Koha biblioitemnumber 179406
999 ## - СИСТЕМНИ КОНТРОЛНИ НОМЕРА
Koha biblioitemnumber 179406
999 ## - СИСТЕМНИ КОНТРОЛНИ НОМЕРА
Koha biblioitemnumber 179406
999 ## - СИСТЕМНИ КОНТРОЛНИ НОМЕРА
Koha biblioitemnumber 179406
Наличности
Код за отписване Код за изгубен артикул Код за повреда Коз за рестрикции Код за отдаване Артикулен № Име на библиотеката - собственик Име на библиотеката, в която се намира в момента Статус (Текущо местоположение) Дата на вписване в системата Местоположение - отдел Цена в лева Инвентарен номер Систематично азбучна сигнатура Баркод Номер на екземпляра Цена в евро Служебна бележка Служебен тип на артикула Източник на класификационната схема
  Не е изгубен Не е повреден без рестрикции заемане за дома 307727 Регионална библиотека "Любен Каравелов" Русе Регионална библиотека "Любен Каравелов" Русе Детски отдел 2016-05-31 Детски отдел 9.90 120000800647 ДН 53/Р 98 120000800647 1 5.06 Дост: Pk Вид: Ф N: 461 Дата: 30.05.2016 Книги  
  Не е изгубен Не е повреден без рестрикции заемане за дома 923278 Регионална библиотека "Любен Каравелов" Русе Регионална библиотека "Любен Каравелов" Русе Детски отдел 2023-02-17 Детски отдел 9.73   53/Р 98 Д 120000882771   4.97   Книги Universal Decimal Classification
  Не е изгубен Не е повреден без рестрикции заемане за дома 923279 Регионална библиотека "Любен Каравелов" Русе Регионална библиотека "Любен Каравелов" Русе Детски отдел 2023-02-17 Детски отдел 9.73   53/Р 98 Д 120000882772   4.97   Книги Universal Decimal Classification
  Не е изгубен Не е повреден без рестрикции заемане за дома 923280 Регионална библиотека "Любен Каравелов" Русе Регионална библиотека "Любен Каравелов" Русе Детски отдел 2023-02-17 Детски отдел 9.73   53/Р 98 Д 120000882773   4.97   Книги Universal Decimal Classification
  Не е изгубен Не е повреден без рестрикции заемане за дома 923281 Регионална библиотека "Любен Каравелов" Русе Регионална библиотека "Любен Каравелов" Русе Детски отдел 2023-02-17 Детски отдел 9.73   53/Р 98 Д 120000882774   4.97   Книги Universal Decimal Classification
  Не е изгубен Не е повреден без рестрикции заемане за дома 925562 Регионална библиотека "Любен Каравелов" Русе Регионална библиотека "Любен Каравелов" Русе Детски отдел 2023-03-29 Детски отдел 9.90 120000884668 53/Р 98 Д 120000884668   5.06   Книги Universal Decimal Classification
Vip Innovations Ltd, Rousse, Bulgaria 2025